[Event "Summer Prague Open 2023 - A"]
[Site "Olympik hotel, Sokolovska 138, Praha"]
[Date "2023.08.04"]
[Round "1"]
[Board "1"]
[White "Pap, Gyula"]
[Black "Tesar, Jan"]
[Result "1-0"]
[WhiteElo "2429"]
[BlackElo "1946"]
[PlyCount "0"]
[EventDate "2023.08.04"]
[EventRounds "9"]
[EventCountry "CZE"]

1. e4 c5 2. Nc3 e6 3. Nf3 d6 4. d4 cxd4 5. Nxd4 a6 6. Be3 Nf6 7. f3 Be7 8. Qd2 Qc7
9. O-O-O Nbd7 10. g4 Ne5 11. g5 Nfd7 12. f4 Nc4 13. Bxc4 Qxc4 14. Rhe1 Qc7 15. Nf5
exf5 16. Nd5 Qd8 17. exf5 O-O 18. f6 Bxf6 19. gxf6 g6 20. f5 Re8 21. Bb6 Nxb6 22.
Qh6  1-0

[Event "Summer Prague Open 2023 - A"]
[Site "Olympik hotel, Sokolovska 138, Praha"]
[Date "2023.08.04"]
[Round "1"]
[Board "2"]
[White "Bernhard, Simon"]
[Black "Pulpan, Jakub"]
[Result "0-1"]
[WhiteElo "1942"]
[BlackElo "2417"]
[PlyCount "0"]
[EventDate "2023.08.04"]
[EventRounds "9"]
[EventCountry "CZE"]

1. e4 c5 2. Nf3 Nf6 3. Nc3 d5 4. e5 Ne4 5. Bb5+ Nc6 6. Qe2 Nxc3 7. dxc3 Qc7 8. Bf4
a6 9. Bxc6+ Qxc6 10. O-O h6 11. Rad1 Bf5 12. b4 e6 13. c4 dxc4 14. bxc5 Bxc5 15.
Nd4 Bxd4 16. Rxd4 Rc8 17. Rfd1 c3 18. Bg3 O-O 19. Bh4 Rfe8 20. Qe3 Bxc2 21. Bf6 Qc5
22. Bxg7 Kxg7 23. Rg4+ Bg6 24. Qf4 Qe7 25. h4 c2 26. Rc1 h5 27. Rg3 Red8 28. Qf3
Qxh4  0-1

[Event "Summer Prague Open 2023 - A"]
[Site "Olympik hotel, Sokolovska 138, Praha"]
[Date "2023.08.04"]
[Round "1"]
[Board "3"]
[White "Jurcik, Marian"]
[Black "Janis, Petr"]
[Result "1-0"]
[WhiteElo "2411"]
[BlackElo "1935"]
[PlyCount "0"]
[EventDate "2023.08.04"]
[EventRounds "9"]
[EventCountry "CZE"]

1. c4 Nf6 2. Nc3 g6 3. e4 d6 4. d4 Bg7 5. f3 O-O 6. Be3 e5 7. d5 a5 8. Qd2 Na6 9.
O-O-O Nc5 10. g4 h5 11. h3 b6 12. Bg5 Bd7 13. gxh5 gxh5 14. Nge2 Qe8 15. Bxf6 Bxf6
16. Qh6 Qe7 17. Qxh5 Bg7 18. Ng3 Qf6 19. Rg1 Bh6+ 20. Kc2 Kh7 21. Nf5 Rg8 22. Bd3
Bxf5 23. Qxf5+ Qxf5 24. exf5 Be3 25. Rg4 Rg5 26. Re1 Bf4 27. Reg1 f6 28. h4 Rxg4
29. Rxg4 Rg8 30. Rg6 Nxd3 31. Kxd3 Rxg6 32. fxg6+ Kxg6 33. Nb5 Bg3 34. Nxc7 Bf2 35.
Ne8 Bc5 36. h5+ Kxh5 37. Nxf6+ Kg5 38. Ne4+ Kf4 39. Ke2 a4 40. Nxc5 bxc5 41. b3 axb3
42. axb3 e4 43. fxe4 Kxe4 44. Kd2 Kf5 45. Kc3 Kf6 46. b4 cxb4+ 47. Kxb4 Ke7 48. Kb5
Kd8 49. Kc6 Ke7 50. Kc7  1-0

[Event "Summer Prague Open 2023 - A"]
[Site "Olympik hotel, Sokolovska 138, Praha"]
[Date "2023.08.04"]
[Round "1"]
[Board "4"]
[White "Badenhorst, Chloe"]
[Black "Krause, Benedict"]
[Result "0-1"]
[WhiteElo "1932"]
[BlackElo "2409"]
[PlyCount "0"]
[EventDate "2023.08.04"]
[EventRounds "9"]
[EventCountry "CZE"]

1. e4 c5 2. Nf3 e6 3. d4 cxd4 4. Nxd4 Nc6 5. Nc3 Nf6 6. Nxc6 bxc6 7. Bd3 d5 8. O-O
Be7 9. Qe2 O-O 10. Re1 Re8 11. b3 e5 12. Bb2 Bg4 13. f3 Bh5 14. Kh1 Bf8 15. Rad1
Qa5 16. Na4 Rad8 17. Qe3 Bg6 18. Rc1 h5 19. h3 Bb4 20. c3 Bd6 21. Red1 h4 22. Qe1
dxe4 23. Bxe4 Nxe4 24. fxe4 Bh5 25. Rd2 Be7 26. Qe3 Rxd2 27. Qxd2 Rd8 28. Qe3 Rd7
29. Rf1 Qd8 30. c4 Bg5 31. Qf2 Rd2 32. Qf5 Bg6 33. Qg4 Bf4 34. Bc1 Qd3 35. Rg1 Rxg2
36. Kxg2 Qc2+ 37. Kf1 Qxc1+ 38. Ke2 Qe3+ 39. Kf1 Qc1+ 40. Ke2 Qe3+ 41. Kf1 Bg3 42.
Rxg3 hxg3  0-1

[Event "Summer Prague Open 2023 - A"]
[Site "Olympik hotel, Sokolovska 138, Praha"]
[Date "2023.08.04"]
[Round "1"]
[Board "5"]
[White "Itgelt, Khuyagtsogt"]
[Black "Zhu, Yaoyao"]
[Result "1-0"]
[WhiteElo "2397"]
[BlackElo "1926"]
[PlyCount "0"]
[EventDate "2023.08.04"]
[EventRounds "9"]
[EventCountry "CZE"]

1. d4 d5 2. Nf3 Nf6 3. c4 e6 4. Nbd2 c6 5. Qc2 Be7 6. g3 O-O 7. Bg2 b6 8. O-O Bb7
9. e4 dxe4 10. Nxe4 Nbd7 11. Rd1 Qc8 12. Ne5 Nxe4 13. Nxd7 Qxd7 14. Bxe4 g6 15. Be3
Bf6 16. Rac1 Rac8 17. h4 h5 18. c5 Rfd8 19. Qb3 b5 20. Bf4 Qe7 21. Qe3 Rd7 22. Bd6
Rxd6 23. cxd6 Qxd6 24. Kg2 Kg7 25. Rc2 Rd8 26. Qf3 Bxd4 27. Bxc6 Rc8 28. Rdc1 Bxc6
29. Rxc6 Rxc6 30. Rxc6 Qd8 31. b3 a5 32. Ra6 Qc7 33. Rc6 Qe5 34. Rc8 Qd6 35. Qc6
Qxc6+ 36. Rxc6 e5 37. Ra6 Bc3 38. Rb6  1-0

[Event "Summer Prague Open 2023 - A"]
[Site "Olympik hotel, Sokolovska 138, Praha"]
[Date "2023.08.04"]
[Round "1"]
[Board "6"]
[White "Zelezny, Jan"]
[Black "Neuman, Petr"]
[Result "0-1"]
[WhiteElo "1912"]
[BlackElo "2370"]
[PlyCount "0"]
[EventDate "2023.08.04"]
[EventRounds "9"]
[EventCountry "CZE"]

1. e4 c5 2. Nc3 Nc6 3. g3 g6 4. Bg2 Bg7 5. d3 d6 6. Be3 Rb8 7. Qd2 b5 8. Nge2 b4
9. Nd1 e5 10. O-O Nge7 11. Bh6 O-O 12. Bxg7 Kxg7 13. Ne3 Be6 14. f4 f6 15. f5 Bf7
16. fxg6 hxg6 17. Rf2 Be6 18. Raf1 Nd4 19. g4 Nxe2+ 20. Qxe2 Rf7 21. h4 Qh8 22. h5
Qh6 23. Bf3 Rh8 24. Rh2 Qg5 25. Kf2 Kf8 26. Rfh1 Rfh7 27. Ke1 Rh6 28. a3 a5 29. axb4
cxb4 30. Qd2 a4 31. Ke2 Nc6 32. c3 a3 33. Nc2 axb2 34. Qxg5 fxg5 35. c4 gxh5 36.
gxh5 g4 37. Bg2 g3 38. Rh4 Rxh5 39. Rxh5 Bg4+ 40. Ke3 Rxh5 41. Rb1 Rh2 42. Ne1 Nd4
43. Rxb2 b3 44. Rd2 Ke7 45. Rb2 Kd8 46. Rd2 Kc7 47. Rb2 Kc6 48. Rd2 Kc5 49. Rb2 Kb4
50. Rb1 Kc3 51. c5 dxc5 52. Rc1+ Nc2+  0-1

[Event "Summer Prague Open 2023 - A"]
[Site "Olympik hotel, Sokolovska 138, Praha"]
[Date "2023.08.04"]
[Round "1"]
[Board "7"]
[White "Berin, Artem"]
[Black "Kopecky, Jiri"]
[Result "1-0"]
[WhiteElo "2337"]
[BlackElo "1910"]
[PlyCount "0"]
[EventDate "2023.08.04"]
[EventRounds "9"]
[EventCountry "CZE"]

1. d4 Nf6 2. c4 e6 3. Nc3 Bb4 4. e3 b6 5. Nge2 O-O 6. a3 Be7 7. Ng3 d5 8. cxd5 exd5
9. Bd3 g6 10. O-O Bb7 11. b4 Nbd7 12. Bb2 Re8 13. Qc2 c5 14. bxc5 bxc5 15. dxc5 Nxc5
16. Bb5 Rf8 17. Rad1 Qb6 18. Rb1 Qc7 19. Rfc1 Rac8 20. Na4 Ne6 21. Qd2 Qd6 22. Rd1
d4 23. f3 Qd5 24. Qe2 Qe5 25. exd4 Qxe2 26. Nxe2 Nd5 27. Nac3 Bg5 28. Nxd5 Bxd5 29.
Bc1 Be7 30. Bd3 Rfd8 31. Kf2 Rc7 32. Bd2 Rcd7 33. Ba5 Rc8 34. Bb5 Rb7 35. Nc3 Bf6
36. Nxd5 Bxd4+ 37. Ne3 Rc5 38. a4 a6 39. Rxd4 Nxd4 40. Bb4 Rh5 41. Bd3 Nc6 42. Ba3
Rxb1 43. Bxb1 Rxh2 44. Be4 Nd8 45. Be7 Ne6 46. Kg1 Rh5 47. Nd5 Kg7 48. g4 Rh6 49.
Bf6+ Kf8 50. a5 Ke8 51. Bd3 g5 52. Bxa6 Nd4 53. Bxd4  1-0

[Event "Summer Prague Open 2023 - A"]
[Site "Olympik hotel, Sokolovska 138, Praha"]
[Date "2023.08.04"]
[Round "1"]
[Board "8"]
[White "Kocharyan, Vache"]
[Black "Kulhanek, Tomas"]
[Result "0-1"]
[WhiteElo "1901"]
[BlackElo "2328"]
[PlyCount "0"]
[EventDate "2023.08.04"]
[EventRounds "9"]
[EventCountry "CZE"]

1. d4 Nf6 2. Nf3 b6 3. g3 Bb7 4. Bg2 g6 5. O-O Bg7 6. c4 O-O 7. Nc3 Ne4 8. Qc2 Nxc3
9. Qxc3 d6 10. Qd3 Nd7 11. e4 e5 12. d5 Nc5 13. Qc2 a5 14. Be3 f5 15. exf5 gxf5 16.
Nh4 Bc8 17. Rab1 Bd7 18. b3 Qe7 19. Rbe1 Rae8 20. a3 a4 21. b4 Nb3 22. Nf3 c5 23.
dxc6 Bxc6 24. Nd2 Bxg2 25. Kxg2 f4 26. gxf4 exf4 27. Bxf4 Qb7+ 28. Kg3 Rxe1 29. Rxe1
Rxf4 30. Kxf4 Nxd2 31. Qd3 Qf7+ 32. Kg3 Nxc4 33. Qe2 Be5+ 34. Kg2 Qf4 35. Qh5 Qf7
36. Qh3 Qd5+ 37. Kg1 Nd2 38. Qc8+ Kg7 39. Qg4+ Kf8 40. Qc8+ Ke7 41. Qc7+ Kf6 42.
Qd8+ Kg6 43. Re3 Nf3+ 44. Kf1 Qc4+ 45. Kg2 Qg4+ 46. Kf1 Qg1+ 47. Ke2 Nd4+ 48. Kd3
Qb1+ 49. Kd2 Qc2+  0-1

[Event "Summer Prague Open 2023 - A"]
[Site "Olympik hotel, Sokolovska 138, Praha"]
[Date "2023.08.04"]
[Round "1"]
[Board "9"]
[White "Vedder, Henk"]
[Black "Dome, Michal"]
[Result "1-0"]
[WhiteElo "2326"]
[BlackElo "1900"]
[PlyCount "0"]
[EventDate "2023.08.04"]
[EventRounds "9"]
[EventCountry "CZE"]

1. e4 e6 2. d4 d5 3. Bd3 c5 4. exd5 exd5 5. Nf3 Nf6 6. O-O Nc6 7. Re1+ Be7 8. dxc5
O-O 9. h3 Bxc5 10. Be3 Bxe3 11. Rxe3 Qb6 12. Qc1 Bd7 13. Nbd2 Rae8 14. Nb3 Ne4 15.
c3 Nc5 16. Nxc5 Qxc5 17. Rxe8 Rxe8 18. Qf4 g6 19. Rd1 Nd8 20. h4 Ne6 21. Qd2 h5 22.
Bf1 Bc6 23. b4 Qb6 24. b5 Bd7 25. Qxd5 Rd8 26. Qe5 Qa5 27. Bc4 Rc8 28. Rxd7 Rxc4
29. Qb8+ Nf8 30. Rxf7 Kxf7 31. Ne5+ Kg8 32. Nxc4 Qxc3 33. Ne3 Qa1+ 34. Nf1 Qxa2 35.
Qxb7 Qf7 36. Qb8 Kg7 37. Ne3 Nh7 38. g3 Nf6 39. Qe5 Qe8 40. Qc5 Qd7 41. Nc4 Qd1+
42. Kh2 Qd7 43. Nd6 Ng4+ 44. Kg2 Kg8 45. Qc8+ Qxc8 46. Nxc8 Kf7 47. Nxa7 Ke6 48.
f3 Ne3+ 49. Kf2 Nf5 50. Nc8 Kd5 51. Nb6+ Kc5 52. Nd7+ Kxb5 53. Nf8 Ne7 54. Ke3 Kc4
55. Kf4  1-0

[Event "Summer Prague Open 2023 - A"]
[Site "Olympik hotel, Sokolovska 138, Praha"]
[Date "2023.08.04"]
[Round "1"]
[Board "10"]
[White "Eropunov, Gleb"]
[Black "Levitan, Tal"]
[Result "1/2-1/2"]
[WhiteElo "1899"]
[BlackElo "2321"]
[PlyCount "0"]
[EventDate "2023.08.04"]
[EventRounds "9"]
[EventCountry "CZE"]

1. d4 d5 2. c4 e6 3. Nc3 Be7 4. cxd5 exd5 5. Bf4 Nf6 6. e3 O-O 7. Bd3 c5 8. Nf3 Nc6
9. dxc5 Bxc5 10. O-O d4 11. exd4 Nxd4 12. Nxd4 Qxd4 13. Be3 Qe5 14. Bxc5 Qxc5 15.
Ne4 Qe5 16. Nxf6+ Qxf6 17. Qb3 b6 18. Be4 Be6 19. Qf3 Qxf3 20. Bxf3 Rac8 21. Rfc1
a5 22. a3 Bb3 23. Bb7 Rb8 24. Ba6 Rfd8 25. Bc4 Bxc4 26. Rxc4 Rbc8 27. Rxc8 Rxc8 28.
Kf1 g6 29. Re1 Rc5 30. Re4 Kg7 31. b4 Rc1+ 32. Ke2 Rc2+ 33. Ke1 Kf6 34. bxa5 bxa5
35. Ra4 Rc5 36. Kd2 Ke5 37. Kd3 f5 38. f4+ Ke6 39. Rc4 Rb5 40. a4 Rb1 41. Rc5 Rh1
42. Ke3 Rxh2 43. Kf2 Rh1 44. Rxa5 Ra1 45. Re5+ Kf6 46. Ra5 Ke6 47. Re5+ Kf6 48. Ra5
 1/2-1/2

[Event "Summer Prague Open 2023 - A"]
[Site "Olympik hotel, Sokolovska 138, Praha"]
[Date "2023.08.04"]
[Round "1"]
[Board "11"]
[White "von Mettenheim, Johannes"]
[Black "Kucera, Tomas"]
[Result "1-0"]
[WhiteElo "2316"]
[BlackElo "1898"]
[PlyCount "0"]
[EventDate "2023.08.04"]
[EventRounds "9"]
[EventCountry "CZE"]

1. d4 Nf6 2. c4 g6 3. Nc3 Bg7 4. e4 d6 5. f3 O-O 6. Be3 Nbd7 7. Qd2 c5 8. Nge2 a6
9. O-O-O b5 10. dxc5 dxc5 11. e5 Ne8 12. f4 Nc7 13. Bxc5 Qe8 14. Be3 Rb8 15. c5 Kh8
16. h4 f6 17. h5 fxe5 18. h6 Bf6 19. c6 Nb6 20. Bxb6 Rxb6 21. fxe5 Bxe5 22. Qe3 Bxc3
23. Qxb6 Be5 24. Qc5 Rf5 25. Qc2 Rf6 26. Nc3 b4 27. Ne4 Rxc6 28. Bc4 Be6 29. Nd2
Bf5 30. Qb3 Ne6 31. g4 Bxg4 32. Rde1 Qb8 33. Qa4 Qc7 34. Rxe5  1-0

[Event "Summer Prague Open 2023 - A"]
[Site "Olympik hotel, Sokolovska 138, Praha"]
[Date "2023.08.04"]
[Round "1"]
[Board "12"]
[White "Pick, Stepan"]
[Black "Camarena Jimenez, Rufino"]
[Result "0-1"]
[WhiteElo "1895"]
[BlackElo "2308"]
[PlyCount "0"]
[EventDate "2023.08.04"]
[EventRounds "9"]
[EventCountry "CZE"]

1. Nf3 Nf6 2. c4 g6 3. Nc3 Bg7 4. e4 d6 5. d4 O-O 6. Be2 e5 7. O-O exd4 8. Nxd4 Re8
9. f3 c6 10. Kh1 Nbd7 11. Bg5 Qb6 12. Nc2 Qxb2 13. Qd2 Qb6 14. Bh6 Qa5 15. Bxg7 Kxg7
16. Nd4 Nb6 17. Rfd1 Be6 18. Rac1 Rad8 19. g4 h6 20. f4 Bxg4 21. Rg1 Nxe4 22. Qb2
Nxc3 23. Bxg4 Nxc4 24. Qxc3 Qxc3 25. Rxc3 d5 26. Be2 Nd6 27. Bg4 Re4 28. Ne2 Rde8
29. Rc2 Nc4 30. Bf3 Re3 31. Kg2 Ra3 32. Kf2 Ree3 33. Nd4 Red3 34. Nb3 Ne3 35. Re2
Nf5 36. Rc1 Rxf3+ 37. Kxf3 Nd4+ 38. Kf2 Nxe2 39. Kxe2 Rxa2+ 40. Nd2 Kf6 41. Ke3 Kf5
42. Rc3  0-1

[Event "Summer Prague Open 2023 - A"]
[Site "Olympik hotel, Sokolovska 138, Praha"]
[Date "2023.08.04"]
[Round "1"]
[Board "13"]
[White "Shehzad, Shazil"]
[Black "Korenek, Frantisek"]
[Result "1-0"]
[WhiteElo "2301"]
[BlackElo "1889"]
[PlyCount "0"]
[EventDate "2023.08.04"]
[EventRounds "9"]
[EventCountry "CZE"]

1. e4 e5 2. Nf3 Nf6 3. Nxe5 d6 4. Nf3 Nxe4 5. Nc3 Nxc3 6. dxc3 Be7 7. Be3 Nc6 8.
Qd2 O-O 9. O-O-O Ne5 10. Be2 Ng4 11. h3 Nxe3 12. fxe3 Bd7 13. Bd3 Be6 14. a3 Bf6
15. g4 Re8 16. Rdg1 Qe7 17. g5 Be5 18. h4 Bd7 19. Kb1 d5 20. h5 Bd6 21. Bxh7+ Kxh7
22. g6+ Kg8 23. h6 f6 24. hxg7 Qxe3 25. Qxd5+ Be6 26. Qh5  1-0

[Event "Summer Prague Open 2023 - A"]
[Site "Olympik hotel, Sokolovska 138, Praha"]
[Date "2023.08.04"]
[Round "1"]
[Board "14"]
[White "Brunetti, Alberto"]
[Black "Sorm, Daniel"]
[Result "0-1"]
[WhiteElo "1888"]
[BlackElo "2295"]
[PlyCount "0"]
[EventDate "2023.08.04"]
[EventRounds "9"]
[EventCountry "CZE"]

1. d4 d5 2. c4 e6 3. g3 Nf6 4. Bg2 Bb4+ 5. Bd2 a5 6. Nf3 O-O 7. Qc2 c5 8. cxd5 cxd4
9. Nxd4 Qb6 10. e3 exd5 11. O-O Nc6 12. Nxc6 bxc6 13. Rc1 Rb8 14. Bxb4 Qxb4 15. b3
h5 16. Nd2 Bd7 17. a3 Qb6 18. h3 Rfc8 19. Qc5 Qc7 20. Rd1 Rb5 21. Qc2 c5 22. Rac1
Be6 23. Nf3 Qb8 24. Rb1 d4 25. exd4 Bxb3 26. Rxb3 Rxb3 27. dxc5 Rb2 28. Qf5 Rb5 29.
Rc1 Qc7 30. Nd2 Rxc5 31. Rxc5 Qxc5 32. Qxc5 Rxc5 33. Nb3 Rb5 34. Nd4 Rb1+ 35. Kh2
Ra1 36. Nb5 Nd7 37. Bd5 Nb6 38. Bb3 a4 39. Bc2 Ra2 40. Bd1 Rxf2+ 41. Kg1 Rb2 42.
Nc3 g6 43. Kf1 Kg7 44. h4 Kf6 45. Nxa4 Nxa4 46. Bxa4 Ra2 47. Bc6 Rxa3 48. Kg2 Ke5
49. Be8 Ra7 50. Kf3 Kf5 51. Bc6 Ra3+ 52. Kg2 Kg4 53. Bd7+ f5 54. Be8 Rxg3+ 55. Kf2
Kxh4  0-1

[Event "Summer Prague Open 2023 - A"]
[Site "Olympik hotel, Sokolovska 138, Praha"]
[Date "2023.08.04"]
[Round "1"]
[Board "15"]
[White "Peil, Christoph"]
[Black "Tichy, Petr"]
[Result "1-0"]
[WhiteElo "2293"]
[BlackElo "1886"]
[PlyCount "0"]
[EventDate "2023.08.04"]
[EventRounds "9"]
[EventCountry "CZE"]

1. d4 d5 2. Nf3 Nf6 3. Bg5 e6 4. Nbd2 Nbd7 5. e4 dxe4 6. Nxe4 Be7 7. Nxf6+ Nxf6 8.
Bd3 Nd5 9. Bxe7 Qxe7 10. O-O O-O 11. Re1 Nf6 12. c4 Qb4 13. Qc2 c5 14. a3 Qb6 15.
b4 cxd4 16. c5 Qc7 17. Nxd4 Bd7 18. Nb5 Bxb5 19. Bxb5 a6 20. Bf1 Nd5 21. g3 Rac8
22. Rac1 Rfd8 23. Qb3 Qe7 24. Bg2 Qc7 25. a4 Ne7 26. b5 axb5 27. axb5 b6 28. c6 h6
29. Be4 Nd5 30. Ra1 Nf6 31. Bf3 Ra8 32. Ra3 Rxa3 33. Qxa3 Ne8 34. Ra1 Nd6 35. Be2
Nc8 36. Qe3 Rd5 37. Ra8 Rd8 38. h4 Nd6 39. Ra6 Nc8 40. Bd3 Qd6 41. Bc2 Qd5 42. Rxb6
Nxb6 43. Qxb6 Ra8 44. Kh2 g6 45. c7 Kg7 46. Qe3 Rc8 47. b6 Qd7 48. Qc3+ Kh7 49. Be4
 1-0

[Event "Summer Prague Open 2023 - A"]
[Site "Olympik hotel, Sokolovska 138, Praha"]
[Date "2023.08.04"]
[Round "1"]
[Board "16"]
[White "Kubin, Tomas Daniel"]
[Black "Kwon, Sehyun"]
[Result "0-1"]
[WhiteElo "1885"]
[BlackElo "2274"]
[PlyCount "0"]
[EventDate "2023.08.04"]
[EventRounds "9"]
[EventCountry "CZE"]

1. e4 e5 2. Nf3 Nc6 3. d4 exd4 4. Bc4 Nf6 5. e5 Ng4 6. O-O Be7 7. Bf4 g5 8. Bg3 h5
9. h3 h4 10. Bh2 Nxh2 11. Nxh2 d6 12. exd6 Qxd6 13. Nd2 f5 14. Re1 Bd7 15. Bb3 O-O-O
16. Nc4 Qf6 17. Nf3 Bb4 18. Re2 Rhe8 19. Rxe8 Rxe8 20. a3 Bc5 21. Ne1 g4 22. hxg4
fxg4 23. Nd3 Bf8 24. Ba2 h3 25. g3 Bh6 26. b4 b5 27. Nd2 Bxd2 28. Qxd2 Qf3 29. Nf4
h2+  0-1

[Event "Summer Prague Open 2023 - A"]
[Site "Olympik hotel, Sokolovska 138, Praha"]
[Date "2023.08.04"]
[Round "1"]
[Board "17"]
[White "Serrano Salvador, Eduardo"]
[Black "Skokan, Frantisek"]
[Result "1-0"]
[WhiteElo "2260"]
[BlackElo "1881"]
[PlyCount "0"]
[EventDate "2023.08.04"]
[EventRounds "9"]
[EventCountry "CZE"]

1. d4 Nf6 2. Nf3 g6 3. c4 Bg7 4. g3 O-O 5. Bg2 d6 6. O-O c6 7. Nc3 Nbd7 8. e4 e5
9. h3 Re8 10. Re1 Qc7 11. Qc2 b6 12. Be3 Bb7 13. Rad1 Rad8 14. Rd2 Nf8 15. d5 c5
16. a3 a6 17. Bf1 Bc8 18. b4 Bd7 19. Rb1 Rb8 20. Qd3 Nh5 21. Rdb2 f5 22. Kh2 Nf6
23. Nd2 h6 24. f3 N8h7 25. a4 Ng5 26. a5 Bf8 27. axb6 Rxb6 28. bxc5 Rxb2 29. Rxb2
dxc5 30. Qb1 f4 31. gxf4 exf4 32. Bf2 Qe5 33. Ne2 Bd6 34. Rb6 a5 35. Qb2 Qe7 36.
Qa3 a4 37. Rxd6 Qxd6 38. Bxc5 Qc7 39. Bd6 Qb6 40. c5 Qa5 41. Qc3 Qd8 42. Nxf4 Nf7
43. Nxg6 Nxd6 44. cxd6 Kh7 45. Ne7 Rf8 46. e5  1-0

[Event "Summer Prague Open 2023 - A"]
[Site "Olympik hotel, Sokolovska 138, Praha"]
[Date "2023.08.04"]
[Round "1"]
[Board "18"]
[White "Tynyshtyk, Diana"]
[Black "Priehoda, Vitezslav"]
[Result "0-1"]
[WhiteElo "1880"]
[BlackElo "2254"]
[PlyCount "0"]
[EventDate "2023.08.04"]
[EventRounds "9"]
[EventCountry "CZE"]

1. e4 d6 2. d4 Nf6 3. Nc3 c6 4. a4 g6 5. f4 Bg7 6. Nf3 O-O 7. Bd3 Na6 8. O-O Nb4
9. e5 Nfd5 10. Nxd5 cxd5 11. Be2 Bf5 12. c3 Nc6 13. Bd3 Bxd3 14. Qxd3 e6 15. b3 Re8
16. Ba3 Bf8 17. Bc1 Rc8 18. h4 h5 19. Ng5 Ne7 20. Bd2 Nf5 21. Qh3 Bh6 22. g4 hxg4
23. Qxg4 Kg7 24. Kf2 Rh8 25. Rh1 Bxg5 26. hxg5 Qb6 27. b4 dxe5 28. fxe5 Qc6 29. Qf3
Rxh1 30. Rxh1 Qxa4 31. Qh3 Rg8 32. Qd3 a6 33. Kf3 Rh8 34. Rxh8 Qd1+ 35. Qe2 Qxe2+
36. Kxe2 Kxh8 37. Kd3 Kg8 38. c4 Kf8 39. b5 Ke8 40. bxa6 bxa6 41. c5 Kd7 42. Bc3
Kc6 43. Kc2 Kb5 44. Kb3 a5 45. Bb2 Ne7 46. Ba1 Nf5 47. Bb2 Ne3 48. Bc3 Nc4 49. Ka2
a4 50. Ka1 Nxe5 51. dxe5 Kxc5 52. Kb2 d4 53. Ba5 Kd5 54. Bc7 Ke4 55. Bd6 Ke3 56.
Kc2 Ke2 57. Bb4 d3+ 58. Kc1 a3 59. Bd2 a2  0-1

[Event "Summer Prague Open 2023 - A"]
[Site "Olympik hotel, Sokolovska 138, Praha"]
[Date "2023.08.04"]
[Round "1"]
[Board "19"]
[White "Degenhard, Simon"]
[Black "Niu, Qiming"]
[Result "1-0"]
[WhiteElo "2242"]
[BlackElo "1879"]
[PlyCount "0"]
[EventDate "2023.08.04"]
[EventRounds "9"]
[EventCountry "CZE"]

1. e4 c5 2. Nf3 Nc6 3. d4 cxd4 4. Nxd4 Nf6 5. Nc3 e5 6. Ndb5 d6 7. Bg5 a6 8. Na3
b5 9. Bxf6 gxf6 10. Nd5 f5 11. Bd3 Be6 12. O-O Bxd5 13. exd5 Ne7 14. Re1 Bg7 15.
c3 Rb8 16. Nc2 O-O 17. Qh5 e4 18. Bf1 Qc8 19. Rad1 b4 20. Nxb4 a5 21. Nc6 Nxc6 22.
dxc6 Qe6 23. g4 fxg4 24. Rxe4 Qxe4 25. Bd3 Rb5 26. Qxb5 Qf3 27. Be2 Qf4 28. Qc4 Qxc4
29. Bxc4 Be5 30. Ba6 d5 31. Rxd5 Bf4 32. Rd7 Rb8 33. c7 Bxc7 34. Rxc7 Rxb2 35. Bc4
Kg7 36. Rxf7+ Kg6 37. Ra7 h5 38. Rxa5 h4 39. Bd3+ Kf6 40. Kg2 Rd2 41. Bf1 Rc2 42.
c4 Rc3 43. h3 Rxh3 44. Be2 Rc3 45. Bxg4 Rxc4 46. Kh3 Rc2 47. f3 Rc1 48. Kxh4 Rh1+
49. Kg3 Rg1+ 50. Kf4 Rb1 51. Ra6+ Ke7 52. Bf5 Rb4+ 53. Be4 Rb8 54. Rh6 Rb2 55. a4
Ra2 56. Ra6 Rh2 57. a5 Rh4+ 58. Ke3 Kd7 59. Ra7+ Kc8 60. a6 Kb8 61. Ra8+ Kc7 62.
a7 Rxe4+ 63. fxe4 Kb7 64. Rb8+ Kxa7 65. Rb1  1-0

[Event "Summer Prague Open 2023 - A"]
[Site "Olympik hotel, Sokolovska 138, Praha"]
[Date "2023.08.04"]
[Round "1"]
[Board "20"]
[White "Kroulik, Vaclav"]
[Black "Ahn, Hongjin"]
[Result "0-1"]
[WhiteElo "1874"]
[BlackElo "2240"]
[PlyCount "0"]
[EventDate "2023.08.04"]
[EventRounds "9"]
[EventCountry "CZE"]

1. e4 d6 2. d4 Nf6 3. Nc3 Nc6 4. Nf3 g6 5. Be3 Bg7 6. h3 O-O 7. Qd2 a6 8. a4 e5 9.
d5 Nb4 10. a5 c6 11. Na4 Qxa5 12. c3 Nbxd5 13. exd5 Nxd5 14. b4 Qc7 15. Bh6 Bxh6
16. Qxh6 b5 17. Nb2 e4 18. Nd4 Re8 19. Be2 Bb7 20. O-O c5 21. Nc2 Nxc3 22. Qd2 cxb4
23. Nxb4 d5 24. Bd1 Qe5 25. Nc2 a5 26. Qd4 Qxd4 27. Nxd4 Rec8 28. g4 a4 29. Ra3 Nb1
30. Nxb5 Nxa3 31. Nxa3 Ba6 32. Re1 Rc3 33. Re3 d4 34. Rxc3 dxc3 35. Nxa4 Bd3 36.
Bb3 Rb8 37. Nc5 Rc8 38. Nd7 c2 39. Bxc2 Bxc2 40. Nxc2 Rxc2 41. Nf6+ Kf8 42. Nxe4
Ke7 43. Kg2 h6 44. Kg3 Rc4 45. Nd2 Rc3+ 46. f3 Ke6 47. Kf4 Kd5 48. Ne4 Rc4 49. Ke3
Ke5 50. f4+ Kd5 51. Nf6+ Ke6 52. Ne4 f5 53. gxf5+ gxf5 54. Ng3 Rc3+ 55. Kf2 Rc2+
56. Kg1 Rc4 57. Ne2 Kd5 58. Kf2 Rc2 59. Kf3 Rxe2 60. Kxe2 Ke4 61. Kf2 Kxf4 62. Kg2
Ke3 63. Kg3 f4+  0-1

[Event "Summer Prague Open 2023 - A"]
[Site "Olympik hotel, Sokolovska 138, Praha"]
[Date "2023.08.05"]
[Round "2"]
[Board "1"]
[White "Hajiyev, Kanan"]
[Black "Pap, Gyula"]
[Result "0-1"]
[WhiteElo "2109"]
[BlackElo "2429"]
[PlyCount "0"]
[EventDate "2023.08.04"]
[EventRounds "9"]
[EventCountry "CZE"]

1. d4 d5 2. Nf3 Nf6 3. c4 e6 4. cxd5 exd5 5. Nc3 Bb4 6. Bg5 Nbd7 7. e3 c5 8. Bd3
Qa5 9. O-O c4 10. Bf5 Bxc3 11. bxc3 O-O 12. Qc2 Re8 13. Nd2 Ne4 14. Bxe4 dxe4 15.
Bh4 Nb6 16. Nxe4 Bf5 17. f3 Qd5 18. Qf2 Bxe4 19. fxe4 Rxe4 20. Rab1 Qd7 21. Rb5 Nd5
22. Rc5 b6 23. Rxc4 Rae8 24. Bg3 Rxe3 25. Qb2 Re2 26. Qb3 Rxg2+ 27. Kxg2 Ne3+ 28.
Kg1 Qd5 29. Rf2 Nxc4 30. Qd1 Re6 31. Qd3 Re1+ 32. Rf1 Ne3 33. Qxh7+ Kxh7  0-1

[Event "Summer Prague Open 2023 - A"]
[Site "Olympik hotel, Sokolovska 138, Praha"]
[Date "2023.08.05"]
[Round "2"]
[Board "2"]
[White "Pulpan, Jakub"]
[Black "Vanduyfhuys, Daria"]
[Result "1-0"]
[WhiteElo "2417"]
[BlackElo "2097"]
[PlyCount "0"]
[EventDate "2023.08.04"]
[EventRounds "9"]
[EventCountry "CZE"]

1. e4 c5 2. Nf3 d6 3. d4 cxd4 4. Nxd4 Nf6 5. Nc3 a6 6. h3 e5 7. Nde2 Be7 8. g4 h6
9. Ng3 Be6 10. Bg2 g6 11. Be3 Nbd7 12. Qd3 b5 13. Nd5 Bxd5 14. exd5 Qb8 15. O-O-O
Bd8 16. f4 Bb6 17. Bd2 Qc7 18. Bc3 O-O-O 19. fxe5 Nxe5 20. Bxe5 dxe5 21. d6 Qa7 22.
Qc3+ Kb8 23. Rhf1 Bd4 24. Rxd4 exd4 25. Qc7+ Qxc7 26. dxc7+ Kxc7 27. Rxf6 Rhe8 28.
Kd2 Re7 29. Rc6+ Kb8 30. Rxa6 Re3 31. Ne4 f5 32. Nc5 Rde8 33. Bd5 R8e7 34. Ne6 Kc8
35. Ra8+ Kd7 36. Rd8#  1-0

[Event "Summer Prague Open 2023 - A"]
[Site "Olympik hotel, Sokolovska 138, Praha"]
[Date "2023.08.05"]
[Round "2"]
[Board "3"]
[White "Kobl, Rudolf"]
[Black "Jurcik, Marian"]
[Result "0-1"]
[WhiteElo "2101"]
[BlackElo "2411"]
[PlyCount "0"]
[EventDate "2023.08.04"]
[EventRounds "9"]
[EventCountry "CZE"]

1. e4 d5 2. exd5 Nf6 3. d4 Nxd5 4. Nf3 Bg4 5. c4 Nb6 6. c5 N6d7 7. Bc4 e6 8. O-O
Be7 9. Nc3 O-O 10. Bf4 Nc6 11. h3 Bxf3 12. Qxf3 Nxd4 13. Qxb7 e5 14. Qe4 Bf6 15.
Be3 Nxc5 16. Qg4 c6 17. b4 Nd7 18. Ne4 Nb6 19. Bd3 Nd5 20. Rab1 g6 21. Nxf6+ Qxf6
22. Be4 Nc3 23. Bxd4 exd4 24. Rb2 a5 25. b5 Nxb5 26. Qd7 Nc3 27. Qxc6 Qxc6 28. Bxc6
Rab8 29. Rd2 Rfd8 30. Rc1 Rbc8 31. Bb7 Ne2+  0-1